000
00312nam a22001337a 4500
008
170927b xxu||||| |||| 00| 0 eng d
020
_a
9780830415335
041
_a
eng
080
_2
3 ED
_a
37
100
_a
47
101
_a
EDU
245
_a
RESEARCH METHODS IN SOCIAL WORK
_c
ROYSE.D
942
_2
udc
_c
BK
999
_c
30212
_d
30212